01858nam a2200349 i 4500001001000000003000900010005001700019007000300036008004100039020001800080040003000098082002700128100005100155245006800206264005300274300005200327336002700379337003300406338002800439500007000467504003900537590002600576650004300602650005300645650006800698710005600766942001400822952013900836952025800975952025801233999001701491000049189DO-SdBNP20250204101934.0ta140324s2010 dr ac 000 0 spa d a9789945452211 aDO-SdBNPbspacBNPHUerda 4a070.4bS211h, 20102221 aCruz Sánchez, Filiberto,eautor4aut.91311210aHistoria del periodismo dominicano /cFiliberto Cruz Sánchez. 1aSanto Domingo :bEditora El Nuevo Diario,c2010. a251 páginas :bilustraciones, mapas ;c26 cm. atextobtxt2rdacontent asin mediaciónbn2rdamedia avolumenbnc2rdacarrier aIncluye datos biográficos del autor en la solapa de la cubierta aBibliografía : páginas 241-252 aInventariado, 2019/VM 4aPeriodismozRepública Dominicana936 4aPeriodismozRepública DominicanaxHistoria985 4aMedios de comunicación de masaszRepública Dominicana920312 aFundación Global Democracía y Desarrollo925477 2ddccLBS1 00102ddc51708PDaBNPHUbBNPHUcHDd2019-07-26l0oBNPHU PD 070.4 S211h, 2010p49190-10r2020-06-25w2020-06-25yLBS1ZNo se presta 00102ddc51708PDaBNPHUbBNPHUcHDd2024-04-17eDonado por la Presidencia de la República Dominicana 2023.l0oBNPHU PD 070.4 S211h, 2010p2024-2335r2024-04-17te.2w2024-04-17yLBS1zPerteneció a la biblioteca personal de Emilio Cordero Michel. 00102ddc56708DSaBNPHUbBNPHUcHDd2024-05-09eDonado por la Presidencia de la República Dominicana 2023.l0oBNPHU DS 070.4 S211h, 2010p2024-2847r2024-05-09te.3w2024-05-09yLBS1zPerteneció a la biblioteca personal de Emilio Cordero Michel. c48677d48677